| 000 | 00931nam a22003017a 4500 | ||
|---|---|---|---|
| 003 | CHAP | ||
| 005 | 20220329134305.0 | ||
| 008 | 971013s1965 r 00010 d | ||
| 010 | _a18220 | ||
| 011 | _a19192 | ||
| 035 | _a23277 | ||
| 040 | _cCHAP | ||
| 082 |
_a636.0896 _bB5 |
||
| 100 | 0 | 0 |
_aBlood, Douglas Charles. _913206 |
| 245 | _aMedicina veterinaria | ||
| 250 | _a2 ed. | ||
| 260 |
_aMéxico, D. F. : _bInteramericana, _c1965 |
||
| 300 | _a1029 p. | ||
| 590 |
_aBATCH-UPD _b10 _c20130110 _lUCH01 _h1129 |
||
| 590 |
_aCONVERSION _b10 _c20130109 _lUCH01 _h1311 |
||
| 650 | 1 | 4 |
_aVeterinaria. _9118987 |
| 700 | 0 |
_aHenderson, J. A. _953540 |
|
| 901 | _aBK | ||
| 942 | _cLIBRO | ||
| 949 |
_a636.0896 B5 _bBC _cLIBRO _d33724000092714 _eLIBRO _fc.2 _h24428 _i23277 _si |
||
| 949 |
_a636.0896 B5 _bBC _cLIBRO _d33724000572954 _eLIBRO _fc.3 _h24429 _i23277 _si |
||
| 949 |
_a636.0896 B5 _bBC _cLIBRO _d33724000605754 _eLIBRO _h27751 _i23277 _mD _si |
||
| 999 |
_c18220 _d18220 |
||